Library Banner

Khatija Mastoor bahasiyyat novel nigaar (Urdu) (Record no. 45491)

MARC details
000 -LEADER
fixed length control field 00528nam a2200193Ia 4500
001 - CONTROL NUMBER
control field 47571
008 - FIXED-LENGTH DATA ELEMENTS--GENERAL INFORMATION
fixed length control field 140429s9999 xx 000 0 und d
020 ## - INTERNATIONAL STANDARD BOOK NUMBER
International Standard Book Number NA
040 ## - CATALOGING SOURCE
Transcribing agency PK-LaUMT
082 ## - DEWEY DECIMAL CLASSIFICATION NUMBER
Classification number RHC 891.4393092
Item number MUM-K
100 ## - MAIN ENTRY--PERSONAL NAME
Personal name Mumtaz Hussain
245 ## - TITLE STATEMENT
Title Khatija Mastoor bahasiyyat novel nigaar (Urdu)
Statement of responsibility, etc Mumtaz Hussain<>Abdul Haq Hasrat
260 ## - PUBLICATION, DISTRIBUTION, ETC. (IMPRINT)
Place of publication, distribution, etc Dehli,India:
Name of publisher, distributor, etc Educational Publishing House,
Date of publication, distribution, etc 1988
300 ## - PHYSICAL DESCRIPTION
Extent 31 p.
546 ## - LANGUAGE NOTE
Language note UR
650 ## - SUBJECT ADDED ENTRY--TOPICAL TERM
Topical term or geographic name as entry element Urdu literature
700 ## - ADDED ENTRY--PERSONAL NAME
Personal name Abdul Haq Hasrat
942 ## - ADDED ENTRY ELEMENTS (KOHA)
Koha item type Books
Holdings
Withdrawn status Lost status Damaged status Not for loan Home library Current library Date acquired Total Checkouts Full call number Barcode Date last seen Price effective from Koha item type
        UMT Main Campus UMT Main Campus 2014-04-29   RHC 891.4393092 MUM-K 56704 2014-05-06 2014-05-06 Books